000
00266nam a2200121Ia 4500
008
191201s2011 xx 000 0 und d
100
_a
KAPIL Sheeba
245
0
_a
Financial Management
260
_b
Pearson
_c
2011
300
_a
724
650
_a
MBA
942
_2
ddc
_c
BK
999
_c
7136
_d
7136